Cẩm nang công tác thư viện
Đề cập đến vấn đề nghiệp vụ thư viện. Trình bày Pháp lệnh thư viện và văn bản hướng dẫn thi hành; Điều lệ ( sửa đổi, bổ sung) Hội Thư viện Việt Nam và đề án phát triển văn hóa đọc trong cộng đồng đến năm 2020, định hướng đến năm 2030; Tiêu chuẩn, quy chế mẫu thư viện trường đại học, phổ thông, thư v...
Đã lưu trong:
| Tác giả chính: | |
|---|---|
| Định dạng: | Sách |
| Năm xuất bản: |
H.
Lao động
2017
|
| Chủ đề: | |
| Tags: |
Thêm thẻ
Không có thẻ, Hãy là người đầu tiên gắn thẻ bản ghi này!
|
| LEADER | 01179nam a2200145 4500 | ||
|---|---|---|---|
| 999 | |c 15211 |d 15211 | ||
| 082 | |a 025 |b NG527PH | ||
| 100 | |a Nguyễn Phương | ||
| 245 | |a Cẩm nang công tác thư viện |c Nguyễn Phương hệ thống | ||
| 260 | |a H. |b Lao động |c 2017 | ||
| 300 | |a 399 tr |c 28 cm | ||
| 520 | |a Đề cập đến vấn đề nghiệp vụ thư viện. Trình bày Pháp lệnh thư viện và văn bản hướng dẫn thi hành; Điều lệ ( sửa đổi, bổ sung) Hội Thư viện Việt Nam và đề án phát triển văn hóa đọc trong cộng đồng đến năm 2020, định hướng đến năm 2030; Tiêu chuẩn, quy chế mẫu thư viện trường đại học, phổ thông, thư viện công cộng; Quy định về điều kiện thành lập, thủ tục đăng ký, tổ chức hoạt động thu nộp sử dụng phí thư viện; Tiêu chuẩn quốc gia Việt Nam về hoạt động thư viện, thông tin tư liệu. | ||
| 653 | |a Công tác thư viện |a Cẩm nang | ||
| 942 | |2 ddc |c SH | ||
| 952 | |0 0 |1 0 |2 ddc |4 0 |6 025_000000000000000_NG527PH |7 0 |8 000 |9 114754 |a qbu |b qbu |c D2 |d 2018-05-17 |g 350000 |o 025 NG527PH |p 12736.C1 |r 2018-05-17 |w 2018-05-17 |y SH | ||